Normal view
MARC view
Entry Corporate Name
001 - CONTROL NUMBER
- control field: 1437101
003 - CONTROL NUMBER IDENTIFIER
- control field: NLI
005 - DATE AND TIME OF LATEST TRANSACTION
- control field: 20230508090308.0
008 - FIXED-LENGTH DATA ELEMENTS
- fixed length control field: 230508|| aca||aabn | a|a d
040 ## - CATALOGING SOURCE
- Original cataloging agency: NLI
- Transcribing agency: NLI
110 ## - HEADING--CORPORATE NAME
- Corporate name or jurisdiction name as entry element: Anthropological Survey of India
670 ## - SOURCE DATA FOUND
- Source citation: Work cat.: (NLI)1565206: 880-01 Das, N. L. (Nava Kishor), 1949- 1437098, Kinship, politics, and law in Naga society / , 1993.
